VALORANT - Abilities by Name - Statistics

General Stats
  • This quiz has been taken 1,371 times
  • The average score is 43 of 80
Answer Stats
Agent Ability % Correct
Jett Updraft
76%
Killjoy Turret
75%
KAY/O FLASH/drive
73%
Killjoy Alarmbot
72%
Killjoy Lockdown
71%
Sage Slow Orb
71%
Raze Boom Bot
70%
Reyna Empress
69%
Fade Prowler
69%
Reyna Dismiss
67%
Viper Viper's Pit
67%
Chamber Tour De Force
66%
Chamber Headhunter
65%
Sage Resurrection
65%
Skye Seekers
65%
Brimstone Stim Beacon
65%
Sova Hunter's Fury
64%
Reyna Leer
64%
Phoenix Run It Back
63%
Breach Aftershock
62%
Killjoy Nanoswarm
62%
Sova Owl Drone
62%
Raze Showstopper
61%
Fade Haunt
60%
Omen Paranoia
60%
Breach Rolling Thunder
60%
Viper Snake Bite
60%
Astra Cosmic Divide
59%
KAY/O NULL/cmd
59%
Jett Blade Storm
58%
Sage Healing Orb
58%
Neon Overdrive
58%
Sova Recon Bolt
57%
Brimstone Orbital Strike
56%
Chamber Rendezvous
56%
Cypher Spycam
56%
Jett Cloudburst
55%
Harbor Cove
55%
Raze Blast Pack
54%
Raze Paint Shells
54%
Yoru Dimensional Drift
53%
Sova Shock Bolt
53%
Brimstone Sky Smoke
53%
Jett Tailwind
53%
Phoenix Hot Hands
52%
Cypher Neural Theft
52%
Fade Nightfall
52%
Fade Seize
52%
Skye Trailblazer
52%
Cypher Trapwire
52%
Reyna Devour
51%
Yoru Gatecrash
51%
KAY/O ZERO/point
50%
Sage Barrier Orb
49%
Astra Gravity Well
49%
Omen Shrouded Step
49%
Phoenix Curveball
48%
Omen From the Shadows
48%
Cypher Cyber Cage
47%
Omen Dark Cover
47%
Breach Fault Line
47%
Harbor High Tide
47%
Chamber Trademark
47%
Skye Guiding Light
46%
KAY/O FRAG/ment
45%
Astra Nebula
45%
Harbor Cascade
43%
Viper Toxic Screen
43%
Yoru Fakeout
42%
Breach Flashpoint
42%
Brimstone Incendiary
42%
Neon Fast Lane
41%
Phoenix Blaze
40%
Harbor Reckoning
40%
Viper Poison Cloud
37%
Neon High Gear
36%
Astra Nova Pulse
34%
Skye Regrowth
33%
Yoru Blindside
31%
Neon Relay Bolt
31%
No matching quizzes found
Score Distribution
Percent of People with Each Score
Percentile by Number Answered
Your Score History
You have not taken this quiz